00374nam a2200169Ia 4500003000900000008004100009040001300050040001300063041000800076100002100084245005100105250000900156260001300165260000900178300001000187490000700197IT-RoPAU120407s9999 xx 000 0 und d aIT-RoPAU cIT-RoPAU aita aCorrado M. Berti a"Dottrina mariana di papa Benedetto XV Studio" aRoma aMarianum c1966 c23 cm v22